000 00569nam a2200169 i 4500
001 75962
003 ES-MaACL
005 20230906172654.0
007 t|
008 040928s1974 ve ||||1| spa d
100 1 _aGrisanti, Angel.
_960083
245 1 0 _aJosé de Sata y Bussy
_b: prócer de nuestra independencia /
_cAngel Grisanti ; prólogo de Francisco José del Solar.
260 _aCaracas :
_b[s.n.],
_c1974 (
_fTip. Principios)
300 _a40 p., 2 lám. ;
_c22 cm.
700 1 _aSolar, Francisco José del.
_9107095
852 _aES-MaACL
_j2101-F-19
_bR.94695
999 _c75962
_d75962